Postaw na milion 129 - Statystyki

Ogólne statystyki
  • Ten quiz został rozwiązany 23 razy
  • Średni wynik to 7 z 13
Statystyki odpowiedzi
Zagadnienie Odpowiedź % Poprawnych
W popularnym rozrywkowym reality show emitowanym w TVP1 rolnik szuka: żony
100%
"Hat-trick" oznacza w piłce nożnej, że zawodnik strzelił: 3 gole w jednym meczu
95%
Reżyserem komedii filmowej, w której profesor tłumaczył Marysi, że pracuje nad potwierdzeniem procentu cukru w cukrze, był: Stanisław Bareja
76%
Kodem IATA oznacza się: porty lotnicze
67%
Który z tych prezydentów USA jest leworęczny tak samo jak Barack Obama? Bill Clinton
62%
W którym z tych państw oficjalną jednostką monetarną jest euro? Finlandia
52%
Kto wynalazł ogniwo galwaniczne, podstawowy element baterii elektrycznych i akumulatorów? Alessandro Volta
48%
Najmniej odpowiedzialni kierowcy, wg badania IPSOS z 2015 roku, to Włosi. Kto jest na drugim miejscu? Grecy
48%
Skąd największy odsetek Polaków czerpie wiadomości polityczne, gospodarcze, sportowe, kulturalne itp., wg badania TNS z 2015 roku? z telewizji
48%
Gdzie znajduje się Dolina Muminków? w Finlandii
43%
Z czego słynie Koniaków w Beskidzie Śląskim? z koronek
38%
Jak nazywa się pojazd lodowy napędzany żaglem, poruszający się na płozach po zamarzniętych zbiornikach wodnych? bojer
24%
O kimś, kto się popisuje, lubuje w tanich efektach w celu wzbudzenia zainteresowania, powie się z niechęcią: kabotyn
24%
Nie znaleziono quizów pasujących do podanych kryteriów
Rozkład punktacji
Procent ludzi z każdym wynikiem
Percentyl według liczby udzielonych odpowiedzi
Twoja historia wyników
Nie rozwiązałeś tego quizu